| 000 | 00395nam a2200133Ia 4500 | ||
|---|---|---|---|
| 005 | 20250729165814.0 | ||
| 008 | 250729s2012 xx 000 0 und d | ||
| 041 | _akan | ||
| 082 | _a494.25 CHPS | ||
| 100 |
_aChandrahasa G Kanvathirtha _9233404 |
||
| 245 | _aShikshana Shastra Mattu Bhodhana Vishayavagi Kannada Bhashe | ||
| 260 |
_aMysore _bVismaya Prakashana _c2012 |
||
| 650 |
_aKannada _9233405 |
||
| 999 |
_c240264 _d240264 |
||